The magician's nephew (Record no. 9059)

MARC details
000 -LEADER
fixed length control field 01026nam a22002177a 4500
003 - CONTROL NUMBER IDENTIFIER
control field OSt
005 - DATE AND TIME OF LATEST TRANSACTION
control field 20260312082047.0
008 - FIXED-LENGTH DATA ELEMENTS--GENERAL INFORMATION
fixed length control field 260312b |||||||| |||| 00| 0 eng d
020 ## - INTERNATIONAL STANDARD BOOK NUMBER
International Standard Book Number 0-06-447110-1
040 ## - CATALOGING SOURCE
Original cataloging agency DWCL GS lib
Transcribing agency OC
082 ## - DEWEY DECIMAL CLASSIFICATION NUMBER
Classification number L585m 1983
100 ## - MAIN ENTRY--PERSONAL NAME
Personal name LEWIS, C.S.
245 ## - TITLE STATEMENT
Title The magician's nephew
Statement of responsibility, etc. C.S. LEWIS
260 ## - PUBLICATION, DISTRIBUTION, ETC.
Place of publication, distribution, etc. New York
Name of publisher, distributor, etc. Harper Trophy
Date of publication, distribution, etc. 1983
300 ## - PHYSICAL DESCRIPTION
Extent 221 p
Dimensions 17cm
520 ## - SUMMARY, ETC.
Summary, etc. Two children, Digory and Polly, use magical rings from Digory's Uncle Andrew to travel between worlds, accidentally unleashing the evil witch Jadis. They witness the creation of Narnia by the lion Aslan, ultimately planting a magical tree to protect the new land.
650 ## - SUBJECT ADDED ENTRY--TOPICAL TERM
Topical term or geographic name entry element It follows two children, Digory Kirke and Polly Plummer, who are tricked by Digory's uncle, Andrew Ketterley, into using magical rings to travel to other worlds.
650 ## - SUBJECT ADDED ENTRY--TOPICAL TERM
Topical term or geographic name entry element true maturity involves choosing obedience, responsibility, and self-sacrifice over selfish temptation
700 ## - ADDED ENTRY--PERSONAL NAME
Personal name C.S. LEWIS
942 ## - ADDED ENTRY ELEMENTS (KOHA)
Source of classification or shelving scheme Dewey Decimal Classification
Koha item type Fiction
Suppress in OPAC No

No items available.